Podpora start-upov a využívanie venture (rizikového) kapitálu na Slovensku

Aktuálna situácia v odvetví private equity na Slovensku, so zameraním sa na subkategóriu venture (rizikový) kapitál, ktorý je určený prioritne práve pre startupy. Investičné aktivity v private equity odvetví na Slovensku. Vybrané súkromné private equity spoločnosti a ich charakteristika. Inštitúcie...

Descrizione completa

Salvato in:
Dettagli Bibliografici
Autore principale: Freňáková, Magdaléna, 1981-
Altri autori: Hičák, Štefan, 1983-
Natura: Capitolo di libro
Lingua:slovacco
Soggetti:
Tags: Aggiungi Tag
Nessun Tag, puoi essere il primo ad aggiungerne!!

MARC

LEADER 00000nla a2200000 4500
001 0190998
005 20240502073218.8
041 0 |a slo 
044 |a SK 
245 1 0 |a Podpora start-upov a využívanie venture (rizikového) kapitálu na Slovensku  |c Magdaléna Freňáková, Štefan Hičák 
520 |a Aktuálna situácia v odvetví private equity na Slovensku, so zameraním sa na subkategóriu venture (rizikový) kapitál, ktorý je určený prioritne práve pre startupy. Investičné aktivity v private equity odvetví na Slovensku. Vybrané súkromné private equity spoločnosti a ich charakteristika. Inštitúcie a kluby aktivizujúce sa v oblasti private equity investovania v SR. 
610 2 0 |a Slovensko 
610 2 0 |a investovanie 
610 2 0 |a investície rozvojové 
610 2 0 |a financovanie podnikov 
610 2 0 |a start-up 
610 2 0 |a kapitál rizikový 
100 1 |a Freňáková, Magdaléna, 1981- 
700 1 |a Hičák, Štefan, 1983-